000 00506nam a2200169Ia 4500
005 20250424120312.0
008 250424s9999 xx 000 0 und d
022 _a1597443X
050 _aQL 635.N5 .N54/
245 0 _aNigerian journal of fisheries
260 _aApapa, Lagos
260 _bFisheries Society of Nigeria (FISON)
260 _c2010
300 _av. , 125 p. : ill. ; 21 cm.
650 _aFishes--Research--Nigeria--Periodicals. Fisheries--Research--Nigeria--Periodicals.
942 _cSR
999 _c38542
_d38542